Statistiques concernant Pays les plus proches de Canada - une minute sprint

Cliquez ici pour prendre le quiz!

Statistiques générales

  • Ce quiz a été pris 97 fois
  • Le résultat moyen est 11 sur 20

Statistiques - réponses

kmpays% Correct
0Etats-Unis
100%
1809Mexique
95%
2065Cuba
75%
8St Pierre et Miquelon (France)
75%
1238Russie
73%
26Groenland (Danemark)
68%
1232Bermuda (Royaume-Uni)
63%
1638Islande
59%
1657Bahamas
53%
2582Haïti
53%
2625Jamaïque
51%
2642Belize
44%
2733Guatemala
44%
2200Norvège
44%
2644République dominicaine
42%
2352Suède
36%
2342Finlande
35%
2823Honduras
35%
1928Azores (Portugal)
23%
2832Sint Maarten (Pays Bas)
21%

Distribution des résultats

Percentile par nombre de réponses

% des personnes avec chaque résultat

Votre développement - résultats

Vous n’avez pas pris ce quiz